| 000 | 00408nam a2200145Ia 4500 | ||
|---|---|---|---|
| 008 | 220204s9999 xx 000 0 und d | ||
| 082 |
_a581.2:632.38(540) _bRAY |
||
| 100 | _aNARIANI, T K | ||
| 245 | 0 | _aVirus and mycoplasma diseases of plants in India | |
| 260 |
_aDelhi _bOxford& IBH _c1977 |
||
| 650 | _aMycoplasma disease | ||
| 650 | _aPlant virus diseases | ||
| 700 | _aRAYCHAUDHURI, S P | ||
| 942 | _cBK | ||
| 999 |
_c26792 _d26792 |
||